Vengo dalla luna - Caparezza (Lyrics complete)) - Statistics

Statistiche generali
  • Questo quiz è stato fatto 139 volte
  • Il punteggio medio è 388 su 489
Statistiche sulle risposte
Risposta % Corretto
Io
100%
Io,
100%
io
100%
io io io
100%
da
99%
dall'
99%
del
99%
luna
99%
Luna
99%
vengo
99%
vengo vengo vengo
99%
A
98%
dalla
98%
E
96%
è
96%
È
96%
La
96%
la
96%
No!
95%
no
95%
Che
94%
che
94%
di
94%
Di
94%
O
94%
Per
94%
per
94%
mi
93%
un
93%
il
91%
si
91%
sì,
91%
una
91%
Una
91%
sono
90%
attraversa
89%
cielo
89%
diversa
89%
In
89%
in
89%
me
89%
Non
89%
non
89%
Se
89%
Ma
88%
ma
88%
Tu
88%
tu
88%
ne
86%
paura
86%
su
86%
Su
86%
cultura
85%
ti
85%
vi
85%
al
84%
fa
84%
ha
84%
inopportuna
83%
Perché
83%
sul
83%
fotto
81%
perversa
81%
quando
81%
sotto
81%
bianco
80%
riversa
80%
nero
79%
sei
79%
Sei
79%
tua
79%
universo
79%
con
78%
Del
78%
diverso
78%
sua
78%
sulla
78%
tuo
78%
capito
77%
qui
77%
Qui
77%
stare
77%
sterza
77%
tipa
77%
vede
77%
vuoi
77%
c'è
75%
Ce
75%
cruscotto
75%
disposto
75%
follia
75%
fortuna
75%
Impossibile
75%
partorito
75%
porto
75%
signorotto
75%
stanco
75%
trovo
75%
attivo
74%
dica
74%
fica
74%
Solamente
74%
stato
74%
'sto
74%
come
73%
lavoro
73%
nato
73%
paese
73%
sia
73%
compare
72%
Cosa
72%
macchina
72%
punto
72%
torna
72%
perso
70%
possa
70%
provengo
70%
Vuole
70%
ho
69%
Ho
69%
mia
69%
pare
69%
alcuna
68%
cazzo
68%
dove
68%
lunatico
68%
migliore
68%
saresti
68%
meritare
67%
mettermi
67%
nazione
67%
nel
67%
pratico
67%
cognome
65%
Fammi
65%
favore
65%
jella
65%
l'hai
65%
mentale
65%
rotta
65%
affare
64%
confinato
64%
fiction
64%
Numa
64%
santo
64%
terra
64%
vanto
64%
pazzo
63%
Pompilio
63%
attaccato
62%
colpa
62%
uomo
62%
vero
62%
falso
60%
voglio
60%
Arriva
59%
della
59%
Della
59%
Newman
58%
poi
58%
donna
57%
Era
57%
era
57%
sano
57%
Tieniti
57%
Paul
56%
coatto
54%
indesiderato
53%
Le
53%
facile
52%
Ospite
52%
proposta
52%
ratto
52%
cambio
51%
Dici
51%
Truman
51%
libero
49%
nostalgia
49%
puzzo
49%
subito
49%
vita
49%
nuova
48%
soprattutto
48%
fila
47%
ninnoli
47%
bandiera
46%
inatteso
46%
Trovarmi
46%
brutto
44%
liscio
44%
quale
44%
televisore
44%
reale
43%
riempiamo
43%
sera
43%
speranza
43%
suddito
43%
artificiale
42%
già
42%
meglio
42%
Ricordo
42%
striscio
42%
Stupido
42%
d'amore
41%
Davanti
41%
primavera
41%
reso
41%
verità
41%
parlare
40%
satelliti
40%
stelle
40%
casa
38%
Complici
38%
Riflettono
38%
benessere
37%
frontiera
37%
leggera
37%
mentalità
36%
piscio
36%
show
35%
qualcosa
33%
scritto
33%
Peso
32%
Scaldati
32%
tutto
32%
frutto
31%
hai
31%
libro
30%
letto
27%
imprevedibile
26%
prende
26%
d'una
22%
invece
20%
Nessun quiz corrispondente trovato
Distribuzione punteggi
Percentuale di utenti per punteggio
Percentile per numero di risposta
I tuoi punteggi nel tempo
Non hai fatto questo quiz